Ecojocs : esport per a tothom en el medi natural : Cercs, Berguedà : 18 i 19 setembre 1999 esport per a tothom en el medi natural :
MARC
| LEADER | 00000nam a2200000Ia 4500 | ||
|---|---|---|---|
| 001 | 24582 | ||
| 003 | BGR | ||
| 005 | 20260324180601.0 | ||
| 008 | 160829s9999 xx 000 0 cat d | ||
| 080 | |a FU-67-73 | ||
| 245 | |a Ecojocs : |b esport per a tothom en el medi natural : |b Cercs, Berguedà : |b 18 i 19 setembre 1999 | ||
| 260 | |a Barcelona : |b Diputació de Barcelona. Servei d'Esport i Turisme : |b Agrupació Catalana d'Esport per a Tothom, [1999] | ||
| 300 | |a 7 p. ; |c il. col. : 15 x 21 cm | ||
| 650 | 0 | |a Joves i esports |z Barcelona (Catalunya : Província) |9 49227 | |
| 651 | 0 | |a Barcelona (Catalunya : Província) |9 50918 | |
| 710 | 2 | |a Barcelona (Catalunya : Província). |b Servei d'Esports i Turisme |9 54307 | |
| 710 | 2 | |a Associació Catalana d'Esport per a Tothom |9 70329 | |
| 901 | |a Arxiu | ||
| 942 | |n 1 |2 udc |c MON | ||
| 952 | |0 0 |1 0 |4 0 |6 FU6773 |7 1 |9 55215 |a Arxiu |b Arxiu |d 2016-12-01 |l 0 |o FU-67-73 |p 24582 |r 2016-12-01 00:00:00 |w 2016-12-01 |y ARXIU | ||
| 952 | |0 0 |1 0 |4 0 |6 E00883 |7 0 |8 Digital |9 58276 |a TURISME |b TURISME |d 2017-06-03 |l 0 |o E.00883 |p TURISME17060135 |r 2017-06-03 00:00:00 |u http://bibliotecageneral.diba.cat/cgi-bin/koha/opac-retrieve-file.pl?id=cad9578c05772075bb09abc2e9e1f4b6 |w 2017-06-03 |y DE |z FU-67-73 (còpia digital) | ||
| 999 | |c 59087 |d 59087 | ||